Elements of photogrammetry : (Registro nro. 2704)

Detalles MARC
000 -CABECERA
Campo de control 01097nam a2200313 u 4500
005 - FECHA Y HORA DE LA ULTIMA TRANSACCION
Campo de control 20191224041647.0
008 - ELEMENTOS DE LONGITUD FIJA—INFORMACION GENERAL
Campo de control 140306t2000 -usad|||r|||| 001 0 eng d
020 ## - ISBN
ISBN 0072924543
040 ## - FUENTE DE CATALOGACIÓN
Agencia catalogadora original CO-BoIAVH
Agencia transcriptora CO-BoIAVH
041 0# - IDIOMA
Código de idioma para texto/pista de sonido o título separado Inglés
044 ## - PAÍS DE PUBLICACIÓN
País de publicación Estados Unidos
082 04 - NUMERO DE CLASIFICACION DECIMAL DEWEY
Número de clasificación 526.982
Número del ítem W85e
100 1# - ASIENTO PRINCIPAL--NOMBRE PERSONAL
Nombre personal Wolf, Paul R.
Término relacionado autor
9 (RLIN) 17073
245 10 - MENCION DE TITULO
Título Elements of photogrammetry :
Parte restante del título with applications in GIS /
Mención de responsabilidad Paul R. Wolf y Bon A. Dewitt
250 ## - MENCION DE EDICION
Mención de edición Tercera edición
260 ## - PUBLICACION, DISTRIBUCION, ETC. (PIE DE IMPRENTA)
Lugar de publicación, distribución, etc. Estados Unidos :
Nombre del editor, distribuidor, etc. McGraw-Hill,
Fecha de publicación, distribución, etc. 2000.
300 ## - DESCRIPCION FISICA
Extensión xiii, 608 páginas :
Otros detalles físicos ilustraciones, tablas y gráficas ;
Dimensiones 24 x 17 cm.
500 ## - NOTA GENERAL
Nota general Incluye índice.
504 ## - NOTA DE BIBLIOGRAFIA, ETC.
Nota de bibliografía Incluye referencias bibliográficas.
650 16 - ASIENTO SECUNDARIO DE MATERIA - TERMINO TEMATICO
Término temático o nombre geográfico como elemento de entrada Fotogrametría
9 (RLIN) 16967
650 26 - ASIENTO SECUNDARIO DE MATERIA - TERMINO TEMATICO
Término temático o nombre geográfico como elemento de entrada Fotografía aérea
9 (RLIN) 11327
650 26 - ASIENTO SECUNDARIO DE MATERIA - TERMINO TEMATICO
Término temático o nombre geográfico como elemento de entrada Procesamiento digital de imágenes
Subdivisión general técnicas
9 (RLIN) 68127
650 24 - ASIENTO SECUNDARIO DE MATERIA - TERMINO TEMATICO
Término temático o nombre geográfico como elemento de entrada Sensores remotos
9 (RLIN) 68128
650 26 - ASIENTO SECUNDARIO DE MATERIA - TERMINO TEMATICO
Término temático o nombre geográfico como elemento de entrada Sistemas de información geográfica
9 (RLIN) 92253
650 ## - ASIENTO SECUNDARIO DE MATERIA - TERMINO TEMATICO
Término temático o nombre geográfico como elemento de entrada Teledetección
9 (RLIN) 10840
650 ## - ASIENTO SECUNDARIO DE MATERIA - TERMINO TEMATICO
Término temático o nombre geográfico como elemento de entrada Sistemas de información geográfica
9 (RLIN) 92253
700 1# - ASIENTO SECUNDARIO - NOMBRE PERSONAL
Nombre personal Dewitt, Bon A.
Término de relación autor
9 (RLIN) 17075
942 ## - ELEMENTOS ADICIONALES (KOHA)
Tipo de ítem Libro
Sistema de clasificación Dewey Decimal Classification
Existencias
Withdrawn status Lost status Sistema de Clasificación Damaged status No para préstamo Colección Inventariado Ubicación Permanente Ubicación actual Fecha de adquisición Fuente de Valor Total Checkouts Número topográfico Inventario / Código de Barras Date last seen Ejemplar Price effective from Forma de adquisición Tipo de material
    Dewey Decimal Classification     General Inventariado 2017 Bogotá Bogotá 12/06/2002 Amazon   LB-526.982 W85e 005010 04/12/2012 Ej. 1 04/12/2012 Compra Libro